000 00708nam a2200157Ia 4500
008 151213s9999 xx 000 0 und d
020 _a978-18433-0381-3
100 _aবাংলাদেশ ন্যাশনাল লাইব্রেরী
245 _aবাংলাদেশ জাতীয় গ্রন্থপঞ্চি-২০০৮
_cবাংলাদেশ ন্যাশনাল লাইব্রেরী
260 _aঢাকা
_bসাংস্কৃতিক মন্তণালয়
_c2009
300 _a7172 p.
650 _aBibliography
650 _aReference
700 _aবাংলাদেশ ন্যাশনাল লাইব্রেরী
999 _c3812
_d3812